000 00858nam a2200241Ia 4500
003 OSt
005 20220923224603.0
006 a|||||r|||| 00| 0
007 ta
008 220922b |||||||| |||| 00| 0 pan d
020 _c100
024 _a243,767
037 _b172, 24/10/2009, H.K. Prakashan
_cTextual
040 _aARTS
_cARTS
_bpan
041 _2pan
_apan
082 _aY5924J.243, 153P6
100 _aਰਾਜਪੂਤ, ਸੁਤਿੰਦਰ ਸਿੰਘ
245 0 _aਪੰਜਾਬ ਦੇ ਜੱਟ ਤੇ ਰਾਜਪੂਤ ਕਬੀਲੇ
260 _aਅੰਮ੍ਰਿਤਸਰ
_b ਲਿਟਰੇਚਰ ਹਾਉਸ
_c2006
300 _a144ਪੰ
_ccm.
942 _hY5924J.243, 153P6
_cTEXL
_2CC
999 _c372362
_d372362